000
00355nam a2200157Ia 4500
003
OSt
005
20240103125338.0
008
170524s9999 xx 000 0 und d
020
_a
9780070636811
040
_c
IIMT UNIVERSITY
100
_a
Vaughan T
245
0
_a
Multimedia: Make it Work
260
_b
TMH New Delhi
260
_c
2007
942
_2
ddc
_c
02
999
_c
4770
_d
4770